[Event "2. BUNDESLIGA MITTE"]
[Site "Steyregg, Fuerstenfeld/Sauwald/Villach, St. Veit/Glan, Graz"]
[Date "2015.11.14"]
[Round "4"]
[Board "5"]
[White "Zauner, Christoph"]
[Black "Mostbauer, Maximilian"]
[Result "0-1"]
[WhiteElo "2041"]
[BlackElo "2171"]
[PlyCount "124"]
[EventDate "2015.10.02"]
[EventType "team"]
[EventRounds "11"]
[EventCountry "AUT"]
[WhiteTeam "SPG Sauwald 2"]
[BlackTeam "Union Ansfelden"]

1. d4 {[%emt 0:00:00]} Nf6 {[%emt 0:00:00]} 2. c4 {[%emt 0:00:00]} g6 {[%emt 0:
00:04]} 3. Nc3 {[%emt 0:00:00]} Bg7 4. e4 d6 5. Nf3 O-O 6. Be2 e5 7. O-O Nc6 8.
d5 Ne7 9. b4 Nh5 10. g3 f5 11. Ng5 Nf6 12. Bf3 h6 13. Ne6 Bxe6 14. dxe6 Qc8 15.
Nd5 Nexd5 16. exd5 e4 17. Be2 Nxd5 18. Qxd5 Bxa1 19. e7+ Rf7 20. c5 c6 21. Qxd6
Kh7 (21... Kh8) 22. Rd1 Bf6 23. Bc4 Bxe7 24. Qd7 Rg7 25. Qxc8 Rxc8 26. Bb2 Rd8
27. Rxd8 Bxd8 28. Bxg7 Kxg7 29. Be6 b6 30. Bd7 bxc5 31. bxc5 Kf6 32. Bxc6 Be7
33. Kf1 Bxc5 34. Ke2 g5 35. h3 Ke5 36. Bd7 a5 37. a4 f4 38. gxf4+ gxf4 39. Bg4
f3+ 40. Kf1 Bb4 41. Bd7 Kf4 42. Bc6 Bd2 43. Bd7 h5 44. Be8 h4 45. Bd7 Bb4 46.
Be6 Bc5 47. Bd7 Bxf2 48. Kxf2 e3+ 49. Kf1 Kg3 50. Bc6 f2 51. Bf3 Kxh3 52. Be4
Kg3 53. Bd5 h3 54. Bc6 Kf4 55. Ke2 Ke5 56. Bh1 Kd4 57. Bc6 h2 58. Bh1 Kc3 59.
Bf3 Kb3 60. Bc6 Kc4 61. Kf1 Kc3 62. Ke2 f1=Q+ 0-1

[Event "2. BUNDESLIGA MITTE"]
[Site "Steyregg, Fuerstenfeld/Sauwald/Villach, St. Veit/Glan, Graz"]
[Date "2015.11.14"]
[Round "4"]
[Board "6"]
[White "Mostbauer, Florian"]
[Black "Martin, Johann"]
[Result "1-0"]
[WhiteElo "2238"]
[BlackElo "1884"]
[PlyCount "79"]
[EventDate "2015.10.02"]
[EventType "team"]
[EventRounds "11"]
[EventCountry "AUT"]
[WhiteTeam "Union Ansfelden"]
[BlackTeam "SPG Sauwald 2"]

1. c4 c6 2. g3 Nf6 3. Bg2 d5 4. Nf3 Bf5 5. b3 e6 6. O-O Nbd7 7. Bb2 h6 8. d3
Be7 9. Nbd2 O-O 10. Qc1 Qb6 11. Bc3 a5 12. a3 Rfd8 13. Qb2 Bf8 14. h3 Bh7 15.
Ne5 Nxe5 16. Bxe5 Be7 17. Rac1 Ne8 18. Nf3 Bf6 19. c5 Bxe5 20. Nxe5 Qc7 21. f4
Qe7 22. Kh2 Nf6 23. Qc3 Nd7 24. Nf3 f6 25. h4 Re8 26. Bh3 Nf8 27. Rf2 e5 28.
fxe5 fxe5 29. d4 e4 30. Ne5 Ne6 31. Rf7 Qxf7 32. Nxf7 Kxf7 33. Rf1+ Ke7 34. Qd2
Rf8 35. Rxf8 Rxf8 36. Bxe6 Kxe6 37. Kg1 Bg6 38. Qxa5 Bh5 39. Qc7 Bxe2 40. Qxb7
 1-0

[Event "2. BUNDESLIGA MITTE"]
[Site "Steyregg, Fuerstenfeld/Sauwald/Villach, St. Veit/Glan, Graz"]
[Date "2015.11.14"]
[Round "4"]
[Board "1"]
[White "Gonda, Laszlo"]
[Black "Burlacu, Bogdan"]
[Result "1/2-1/2"]
[WhiteElo "2521"]
[BlackElo "2291"]
[PlyCount "75"]
[EventDate "2015.10.02"]
[EventType "team"]
[EventRounds "11"]
[EventCountry "AUT"]
[WhiteTeam "ASK Case IH SteyrSt. Valentin"]
[BlackTeam "Union Hartkirchen"]

1. d4 Nf6 2. c4 g6 3. Nf3 Bg7 4. g3 O-O 5. Bg2 c6 6. O-O d5 7. Nbd2 Nbd7 8. b3
b6 9. Bb2 Bb7 10. Qc2 Rc8 11. Rac1 c5 12. dxc5 Nxc5 13. Rfd1 dxc4 14. Nxc4 Qe8
15. Qb1 Rd8 16. Nce5 Rxd1+ 17. Rxd1 Qa8 18. b4 Nce4 19. h4 Nd6 20. a4 Rc8 21.
Bh3 Be4 22. Qa1 Rc2 23. Nd4 Rc7 24. b5 Bf8 25. f3 Bb7 26. Rc1 Rxc1+ 27. Qxc1 a6
28. Nd7 Nxd7 29. Bxd7 axb5 30. axb5 Qa2 31. Bc6 Bc8 32. Qa1 Qc4 33. Qc1 e5 34.
Nc2 Qxe2 35. Ne3 Bh6 36. f4 exf4 37. Nd5 Nc4 38. Nf6+ 1/2-1/2

[Event "2. BUNDESLIGA MITTE"]
[Site "Steyregg, Fuerstenfeld/Sauwald/Villach, St. Veit/Glan, Graz"]
[Date "2015.11.14"]
[Round "4"]
[Board "2"]
[White "Kleibel, Uwe"]
[Black "Flumbort, Andras Dr."]
[Result "1/2-1/2"]
[WhiteElo "2212"]
[BlackElo "2471"]
[PlyCount "87"]
[EventDate "2015.10.02"]
[EventType "team"]
[EventRounds "11"]
[EventCountry "AUT"]
[WhiteTeam "Union Hartkirchen"]
[BlackTeam "ASK Case IH SteyrSt. Valentin"]

1. e4 {[%emt 0:00:00]} c5 {[%emt 0:00:00]} 2. Nf3 d6 3. d4 cxd4 4. Qxd4 Nc6 5.
Bb5 Bd7 6. Bxc6 Bxc6 7. Bg5 f5 8. Nc3 fxe4 9. Nxe4 Qa5+ 10. Qd2 Qxd2+ 11. Nexd2
h6 12. Be3 Nf6 13. c4 e5 14. h3 Kf7 15. O-O g5 16. c5 g4 17. hxg4 Nxg4 18. cxd6
Bxd6 19. Nc4 Bc7 20. Rfe1 Rhg8 21. Kf1 Rg6 22. Rad1 Rag8 23. Bc5 e4 24. Nh4
Nh2+ 25. Ke2 Rg5 26. Bd6 Bxd6 27. Rxd6 Ng4 28. Red1 Rc5 29. b3 Nf6 30. Ne3 Rgg5
31. Rd8 Ra5 32. R1d2 Bb5+ 33. Ke1 Bd3 34. f4 Rgc5 35. f5 Rc1+ 36. Kf2 Rh1 37.
Ng6 Ng4+ 38. Nxg4 Rxf5+ 39. Kg3 Kxg6 40. Rd6+ Kg7 41. Rd7+ Kg6 42. Rd6+ Kg7 43.
Rd7+ Kg6 44. Rd6+ 1/2-1/2

[Event "2. BUNDESLIGA MITTE"]
[Site "Steyregg, Fuerstenfeld/Sauwald/Villach, St. Veit/Glan, Graz"]
[Date "2015.11.14"]
[Round "4"]
[Board "3"]
[White "Sandhoefner, Florian"]
[Black "Windhager, Hannes"]
[Result "1/2-1/2"]
[WhiteElo "2229"]
[BlackElo "2176"]
[PlyCount "60"]
[EventDate "2015.10.02"]
[EventType "team"]
[EventRounds "11"]
[EventCountry "AUT"]
[WhiteTeam "ASK Case IH SteyrSt. Valentin"]
[BlackTeam "Union Hartkirchen"]

1. e4 {[%emt 0:00:00]} c5 {[%emt 0:00:00]} 2. Nf3 {[%emt 0:00:00]} d6 3. d4
cxd4 4. Nxd4 Nf6 5. Nc3 g6 6. Be3 Bg7 7. Be2 O-O 8. O-O Nc6 9. Qd2 Ng4 10. Bxg4
Bxg4 11. Nd5 Rc8 12. c4 Be6 13. Rac1 Bxd5 14. cxd5 Nxd4 15. Bxd4 Bxd4 16. Qxd4
Qa5 17. a3 a6 18. f3 Qb5 19. b4 Qd7 20. Qd2 Rxc1 21. Rxc1 Rc8 22. Rc3 Rxc3 23.
Qxc3 f6 24. Kf2 Kf7 25. Qc2 Qd8 26. Kg3 Qb6 27. Qc3 Qd8 28. h4 Qd7 29. Kh2 Qd8
30. Kg3 Qd7 1/2-1/2

[Event "2. BUNDESLIGA MITTE"]
[Site "Steyregg, Fuerstenfeld/Sauwald/Villach, St. Veit/Glan, Graz"]
[Date "2015.11.14"]
[Round "4"]
[Board "4"]
[White "Konrad, Edmund"]
[Black "Kranzl, Peter"]
[Result "1/2-1/2"]
[WhiteElo "2193"]
[BlackElo "2168"]
[PlyCount "62"]
[EventDate "2015.10.02"]
[EventType "team"]
[EventRounds "11"]
[EventCountry "AUT"]
[WhiteTeam "Union Hartkirchen"]
[BlackTeam "ASK Case IH SteyrSt. Valentin"]

1. e4 c6 2. d4 d5 3. Nc3 dxe4 4. Nxe4 Nd7 5. Nf3 Ngf6 6. Nxf6+ Nxf6 7. c3 Bg4
8. h3 Bh5 9. g4 Bg6 10. Ne5 Nd7 11. Nxg6 hxg6 12. Bf4 e6 13. Bg2 Be7 14. O-O
Nf6 15. Be5 O-O 16. Qb3 Qb6 17. Qxb6 axb6 18. a3 b5 19. Bxf6 gxf6 20. Rfe1 Bd6
21. Rad1 Rfd8 22. Kf1 Kf8 23. Ke2 Ke7 24. Rd3 Kd7 25. Kd1 Rh8 26. Kc2 Ra4 27.
Kb3 Raa8 28. Kc2 Ra4 29. Kb3 Raa8 30. Kc2 Ra4 31. Kb3 Raa8 1/2-1/2

[Event "2. BUNDESLIGA MITTE"]
[Site "Steyregg, Fuerstenfeld/Sauwald/Villach, St. Veit/Glan, Graz"]
[Date "2015.11.14"]
[Round "4"]
[Board "5"]
[White "Heimberger, Reinhard"]
[Black "Mitterhuemer, Guenter"]
[Result "1-0"]
[WhiteElo "2284"]
[BlackElo "2094"]
[PlyCount "69"]
[EventDate "2015.10.02"]
[EventType "team"]
[EventRounds "11"]
[EventCountry "AUT"]
[WhiteTeam "ASK Case IH SteyrSt. Valentin"]
[BlackTeam "Union Hartkirchen"]

1. d4 d5 2. g3 Nf6 3. Bg2 Bf5 4. Nf3 h6 5. O-O e6 6. c4 c6 7. Nc3 Be7 8. Bf4
O-O 9. c5 Nbd7 10. b4 b5 11. a4 a6 12. h3 Ne4 13. Qb3 Nxc3 14. Qxc3 g5 15. Be3
Bg6 16. axb5 axb5 17. Rxa8 Qxa8 18. Ra1 Qb7 19. Qa3 f5 20. Qa7 Qc8 21. Bd2 Bf6
22. e3 e5 23. dxe5 Nxe5 24. Nxe5 Bxe5 25. Ra6 Be8 26. Qe7 Bg7 27. Qa7 Rf7 28.
Qa8 Qxa8 29. Rxa8 Re7 30. Bf3 Kh7 31. g4 Bd7 32. Bd1 Be5 33. Bc2 Rf7 34. Ra7
Kg6 35. Rxd7 1-0

[Event "2. BUNDESLIGA MITTE"]
[Site "Steyregg, Fuerstenfeld/Sauwald/Villach, St. Veit/Glan, Graz"]
[Date "2015.11.14"]
[Round "4"]
[Board "6"]
[White "Ganglberger, Robert"]
[Black "Tober, Gerhard"]
[Result "0-1"]
[WhiteElo "2046"]
[BlackElo "2239"]
[PlyCount "52"]
[EventDate "2015.10.02"]
[EventType "team"]
[EventRounds "11"]
[EventCountry "AUT"]
[WhiteTeam "Union Hartkirchen"]
[BlackTeam "ASK Case IH SteyrSt. Valentin"]

1. d4 d5 2. c4 e6 3. Nf3 Nf6 4. e3 c6 5. Nc3 Nbd7 6. Be2 Bd6 7. O-O O-O 8. b3
Qe7 9. Bb2 b6 10. Qc2 Bb7 11. Rad1 Rac8 12. e4 dxe4 13. Nxe4 Nxe4 14. Qxe4 Rc7
15. Bd3 g6 16. Rfe1 c5 17. d5 Qd8 18. Qe3 Re8 19. Qh6 Bf8 20. Qf4 Bg7 21. Bxg7
Kxg7 22. Ng5 Nf8 23. dxe6 Nxe6 24. Qe5+ Kh6 25. Re3 Ng7 26. Rh3+ Nh5 0-1

[Event "2. BUNDESLIGA MITTE"]
[Site "Steyregg, Fuerstenfeld/Sauwald/Villach, St. Veit/Glan, Graz"]
[Date "2015.11.14"]
[Round "4"]
[Board "1"]
[White "Frank, Paul"]
[Black "Tratar, Marko"]
[Result "0-1"]
[WhiteElo "2167"]
[BlackElo "2472"]
[PlyCount "66"]
[EventDate "2015.10.02"]
[EventType "team"]
[EventRounds "11"]
[EventCountry "AUT"]
[WhiteTeam "ESV Admira Villach"]
[BlackTeam "SC MPOE Maria Saal 2"]

1. Nf3 d5 2. g3 Nc6 3. d4 Bg4 4. Bg2 Qd7 5. O-O O-O-O 6. c3 f6 7. b4 Re8 8. Re1
h5 9. a4 g5 10. Nbd2 h4 11. e4 hxg3 12. fxg3 e6 13. Nf1 Nge7 14. Ne3 Bh5 15. g4
Bg6 16. e5 f5 17. Nxg5 Bh6 18. Nf1 Reg8 19. Nh3 fxg4 20. Nf4 Nf5 21. Ra2 Nh4
22. Nxg6 Rxg6 23. Bxh6 Rhxh6 24. Rf2 Rh8 25. Ng3 Qh7 26. Bh1 Ne7 27. Qd3 Nhf5
28. Rg2 Nxg3 29. Qxg3 Nf5 30. Qf4 g3 31. Ree2 gxh2+ 32. Kf1 Qh3 33. Ke1 Qxc3+
 0-1

[Event "2. BUNDESLIGA MITTE"]
[Site "Steyregg, Fuerstenfeld/Sauwald/Villach, St. Veit/Glan, Graz"]
[Date "2015.11.14"]
[Round "4"]
[Board "2"]
[White "Handler, Lukas"]
[Black "Genser, Harald"]
[Result "1/2-1/2"]
[WhiteElo "2390"]
[BlackElo "2318"]
[PlyCount "117"]
[EventDate "2015.10.02"]
[EventType "team"]
[EventRounds "11"]
[EventCountry "AUT"]
[WhiteTeam "SC MPOE Maria Saal 2"]
[BlackTeam "ESV Admira Villach"]

1. Nf3 d5 2. g3 Nf6 3. Bg2 e6 4. O-O Be7 5. c4 O-O 6. d4 dxc4 7. Ne5 Nc6 8.
Bxc6 bxc6 9. Nxc6 Qe8 10. Nxe7+ Qxe7 11. Qc2 e5 12. Rd1 exd4 13. Rxd4 Be6 14.
Bg5 h6 15. Bxf6 Qxf6 16. Rd1 Rab8 17. Nc3 Rfe8 18. Rd2 Rb4 19. Rc1 Reb8 20. Nd1
R4b6 21. Qc3 Qxc3 22. Rxc3 Ra6 23. a3 Rd6 24. Rxd6 cxd6 25. Rc2 Kf8 26. Rd2 Ke7
27. f3 f5 28. Kf2 g5 29. Ke3 d5 30. Kd4 Kd6 31. Nc3 f4 32. Nd1 Rb3 33. Rc2 Rb8
34. Rc3 Bd7 35. Rc1 Rb3 36. Rc2 Be6 37. Rc3 Rb8 38. Rc2 Rb3 39. Rd2 a6 40. Nc3
Rb8 41. Na2 a5 42. Nc3 Rb7 43. a4 Rb4 44. Nb5+ Ke7 45. Ke5 Rxa4 46. gxf4 gxf4
47. Nd4 Bf7 48. Nf5+ Kd7 49. Nxh6 Be6 50. Ng4 Ra2 51. Nf6+ Ke7 52. Nxd5+ Bxd5
53. Rxd5 Rxb2 54. Rxa5 Rxe2+ 55. Kxf4 Rxh2 56. Ke3 c3 57. Rc5 c2 58. Kd3 Rf2
59. Rxc2 1/2-1/2

[Event "2. BUNDESLIGA MITTE"]
[Site "Steyregg, Fuerstenfeld/Sauwald/Villach, St. Veit/Glan, Graz"]
[Date "2015.11.14"]
[Round "4"]
[Board "3"]
[White "Riemelmoser, Franz"]
[Black "Tomazini, Zan"]
[Result "1/2-1/2"]
[WhiteElo "2331"]
[BlackElo "2428"]
[PlyCount "74"]
[EventDate "2015.10.02"]
[EventType "team"]
[EventRounds "11"]
[EventCountry "AUT"]
[WhiteTeam "ESV Admira Villach"]
[BlackTeam "SC MPOE Maria Saal 2"]

1. c4 g6 2. g3 Bg7 3. Bg2 c5 4. Nc3 Nc6 5. Nf3 d6 6. O-O e5 7. a3 Nge7 8. b4 d5
9. cxd5 Nxd5 10. Nxd5 Qxd5 11. Bb2 cxb4 12. axb4 O-O 13. Nxe5 Qb5 14. Nxc6 Bxb2
15. Rxa7 Rxa7 16. Nxa7 Qxb4 17. Nxc8 Rxc8 18. e3 Rc1 19. Qf3 Qxd2 20. Qxb7
Rxf1+ 21. Bxf1 Bf6 22. Kg2 Qc3 23. Be2 Qb2 24. Qf3 Qe5 25. Bc4 Kg7 26. Qb7 Be7
27. Qb3 Qf5 28. Bd5 h5 29. e4 Qf6 30. h4 Bc5 31. f4 Qd4 32. e5 Qd2+ 33. Kh3 Bg1
34. Qa2 Qxa2 35. Bxa2 Bd4 36. Kg2 Kf8 37. Kf3 Ke7 1/2-1/2

[Event "2. BUNDESLIGA MITTE"]
[Site "Steyregg, Fuerstenfeld/Sauwald/Villach, St. Veit/Glan, Graz"]
[Date "2015.11.14"]
[Round "4"]
[Board "4"]
[White "Tomazini, Aljosa"]
[Black "Frank, Dieter"]
[Result "1-0"]
[WhiteElo "2335"]
[BlackElo "2170"]
[PlyCount "51"]
[EventDate "2015.10.02"]
[EventType "team"]
[EventRounds "11"]
[EventCountry "AUT"]
[WhiteTeam "SC MPOE Maria Saal 2"]
[BlackTeam "ESV Admira Villach"]

1. d4 Nf6 2. Bg5 Ne4 3. Bf4 d5 4. e3 c5 5. Nd2 Nxd2 6. Qxd2 cxd4 7. exd4 Nc6 8.
Nf3 Bf5 9. c3 e6 10. Bd3 Bxd3 11. Qxd3 Bd6 12. Bxd6 Qxd6 13. O-O h6 14. Rae1
O-O 15. Ne5 Nxe5 16. Rxe5 a6 17. Rfe1 b5 18. a3 a5 19. f4 g6 20. Rxe6 Qxf4 21.
R6e5 Rfb8 22. Rf1 Qg4 23. Re7 Rf8 24. Qxb5 Rab8 25. Qxd5 Qg5 26. Rfxf7 1-0

[Event "2. BUNDESLIGA MITTE"]
[Site "Steyregg, Fuerstenfeld/Sauwald/Villach, St. Veit/Glan, Graz"]
[Date "2015.11.14"]
[Round "4"]
[Board "6"]
[White "Ertl, Johann"]
[Black "Kainz, Josef"]
[Result "1-0"]
[WhiteElo "2303"]
[BlackElo "1905"]
[PlyCount "93"]
[EventDate "2015.10.02"]
[EventType "team"]
[EventRounds "11"]
[EventCountry "AUT"]
[WhiteTeam "SC MPOE Maria Saal 2"]
[BlackTeam "ESV Admira Villach"]

1. e4 c5 2. Nf3 Nc6 3. Nc3 e5 4. Bc4 Be7 5. d3 d6 6. Nd2 Nf6 7. Nf1 O-O 8. Ne3
Na5 9. O-O Nxc4 10. dxc4 Be6 11. a4 Qd7 12. a5 Ng4 13. Nxg4 Bxg4 14. f3 Be6 15.
Qe2 f5 16. exf5 Bxf5 17. a6 bxa6 18. Rxa6 Qb7 19. Ra5 Rae8 20. Ne4 Bxe4 21.
Qxe4 Qxe4 22. fxe4 Rxf1+ 23. Kxf1 Ra8 24. Ra6 Kf7 25. Ke2 Ke6 26. Be3 Kd7 27.
Kd3 Bd8 28. Ra1 Bb6 29. Rf1 Ke7 30. Kc3 Rf8 31. Bg5+ Ke8 32. Rf5 g6 33. Rxf8+
Kxf8 34. Kb3 Ke8 35. Ka4 Kd7 36. Kb5 h5 37. Bd2 Kc7 38. Ka6 Kc6 39. h3 Kd7 40.
g4 hxg4 41. hxg4 Kc6 42. g5 Kc7 43. Ba5 Kc6 44. Bxb6 axb6 45. c3 Kc7 46. b3 Kc6
47. b4 1-0

[Event "2. BUNDESLIGA MITTE"]
[Site "Steyregg, Fuerstenfeld/Sauwald/Villach, St. Veit/Glan, Graz"]
[Date "2015.11.14"]
[Round "4"]
[Board "1"]
[White "Kociscak, Jiri"]
[Black "Jovanovic, Zoran"]
[Result "0-1"]
[WhiteElo "2454"]
[BlackElo "2528"]
[PlyCount "62"]
[EventDate "2015.10.02"]
[EventType "team"]
[EventRounds "11"]
[EventCountry "AUT"]
[WhiteTeam "SV Steyregg"]
[BlackTeam "SV Wolfsberg"]

1. d4 d6 2. Nf3 g6 3. c4 Bg7 4. e4 Bg4 5. Nc3 Nc6 6. Ne2 Nf6 7. h3 Bxf3 8. gxf3
O-O 9. Be3 Nh5 10. d5 Ne5 11. Nc3 Nd7 12. f4 e5 13. f5 Nf4 14. h4 Nf6 15. Qf3
c6 16. O-O-O cxd5 17. exd5 Qc8 18. fxg6 fxg6 19. Bxf4 Nh5 20. Ne4 Rxf4 21. Qd3
Qd8 22. Kb1 Nf6 23. Bg2 Nxe4 24. Bxe4 Rxf2 25. h5 Qb6 26. Rd2 Rxd2 27. Qxd2 Qd4
28. Qg2 Rf8 29. hxg6 h5 30. c5 Rf2 31. Qxf2 Qxe4+ 0-1

[Event "2. BUNDESLIGA MITTE"]
[Site "Steyregg, Fuerstenfeld/Sauwald/Villach, St. Veit/Glan, Graz"]
[Date "2015.11.14"]
[Round "4"]
[Board "2"]
[White "Reichmann, Egon"]
[Black "Velicka, Petr"]
[Result "0-1"]
[WhiteElo "2267"]
[BlackElo "2432"]
[PlyCount "119"]
[EventDate "2015.10.02"]
[EventType "team"]
[EventRounds "11"]
[EventCountry "AUT"]
[WhiteTeam "SV Wolfsberg"]
[BlackTeam "SV Steyregg"]

1. d4 d5 2. Nf3 Nf6 3. c4 c6 4. Nc3 a6 5. a4 e6 6. Bg5 Nbd7 7. e3 Qa5 8. Nd2
Bb4 9. Qc2 Ne4 10. Ndxe4 dxe4 11. Bf4 O-O 12. Be2 e5 13. dxe5 Nxe5 14. O-O Bf5
15. Nxe4 Rfe8 16. c5 Bxe4 17. Qxe4 Ng6 18. Qc4 Nxf4 19. Qxf4 Bxc5 20. Rfd1 Rad8
21. Bc4 Re7 22. Qg5 Rde8 23. Qf5 g6 24. Qc2 Ba7 25. g3 Qe5 26. Rd2 a5 27. Rad1
Bc5 28. Rd7 Bb4 29. Rxe7 Rxe7 30. b3 Kg7 31. Qd3 h5 32. Qd4 Qxd4 33. Rxd4 Bc5
34. Rd8 Bb6 35. Rb8 Rd7 36. Kf1 Bc5 37. Ra8 Bb4 38. Ra7 Kf6 39. Kg2 Be1 40. Kf1
Bc3 41. Kg2 Ke7 42. h4 Bb4 43. Kf3 Kd6 44. Ra8 Ke5 45. Re8+ Kf6 46. Ra8 Kg7 47.
Ra7 Re7 48. Kg2 b5 49. Rxe7 bxa4 50. Rd7 axb3 51. Kf1 c5 52. Be2 c4 53. Kg1 c3
54. Kh1 c2 55. Rc7 Kf6 56. Rc4 Ke5 57. f3 Kd5 58. Rc8 Bc5 59. e4+ Kd4 60. g4
 0-1

[Event "2. BUNDESLIGA MITTE"]
[Site "Steyregg, Fuerstenfeld/Sauwald/Villach, St. Veit/Glan, Graz"]
[Date "2015.11.14"]
[Round "4"]
[Board "3"]
[White "Enoeckl, Philipp"]
[Black "Hresc, Vladimir"]
[Result "1/2-1/2"]
[WhiteElo "2362"]
[BlackElo "2354"]
[PlyCount "66"]
[EventDate "2015.10.02"]
[EventType "team"]
[EventRounds "11"]
[EventCountry "AUT"]
[WhiteTeam "SV Steyregg"]
[BlackTeam "SV Wolfsberg"]

1. d4 Nf6 2. Bg5 Ne4 3. Bf4 d5 4. e3 Nc6 5. Bd3 Nd6 6. c3 g6 7. Qb3 e6 8. Nd2
Bg7 9. Ngf3 O-O 10. O-O-O f5 11. h3 a6 12. g4 b5 13. gxf5 Nxf5 14. h4 Bd7 15.
h5 Be8 16. Rdg1 gxh5 17. Nh4 Nxh4 18. Bg5 Qd6 19. Bxh4 Ne7 20. Bxe7 Qxe7 21.
Qc2 Rxf2 22. Bxh7+ Kf8 23. Rf1 Rf6 24. e4 Bh6 25. exd5 exd5 26. Kd1 Bxd2 27.
Qxd2 Bf7 28. Bd3 Rd8 29. Rhg1 Rdd6 30. Qg2 Ke8 31. Qg7 Kd7 32. Re1 Be6 33. Qh8
Kc6 1/2-1/2

[Event "2. BUNDESLIGA MITTE"]
[Site "Steyregg, Fuerstenfeld/Sauwald/Villach, St. Veit/Glan, Graz"]
[Date "2015.11.14"]
[Round "4"]
[Board "4"]
[White "Waldmann, Gerald"]
[Black "Richterova, Natasa"]
[Result "1/2-1/2"]
[WhiteElo "2123"]
[BlackElo "2187"]
[PlyCount "95"]
[EventDate "2015.10.02"]
[EventType "team"]
[EventRounds "11"]
[EventCountry "AUT"]
[WhiteTeam "SV Wolfsberg"]
[BlackTeam "SV Steyregg"]

1. b3 e5 2. Bb2 Nc6 3. c4 Nf6 4. g3 Bc5 5. Bg2 d6 6. d3 O-O 7. Nf3 Re8 8. O-O
Nd4 9. Nbd2 c6 10. e3 Nxf3+ 11. Nxf3 Bb6 12. b4 Bc7 13. Qc2 d5 14. cxd5 Nxd5
15. a3 a5 16. e4 Nb6 17. d4 axb4 18. axb4 Rxa1 19. Rxa1 Qe7 20. Nxe5 Bxe5 21.
dxe5 Qxb4 22. Rb1 Qc4 23. Qd2 Qe6 24. f4 Nc4 25. Qd4 b5 26. Bc3 Qd7 27. Ra1
Qxd4+ 28. Bxd4 g6 29. Ra7 Rd8 30. Bc5 Be6 31. Rc7 Rc8 32. Ra7 Nb2 33. Bf1 Na4
34. Bd6 Nc3 35. Bd3 c5 36. f5 gxf5 37. exf5 Bd5 38. e6 b4 39. Be5 c4 40. Bxc3
cxd3 41. Bxb4 Rc1+ 42. Kf2 fxe6 43. Ke3 exf5 44. Kxd3 Bf7 45. Bc3 Bg6 46. Kd2
Rh1 47. h4 f4 48. gxf4 1/2-1/2

[Event "2. BUNDESLIGA MITTE"]
[Site "Steyregg, Fuerstenfeld/Sauwald/Villach, St. Veit/Glan, Graz"]
[Date "2015.11.14"]
[Round "4"]
[Board "5"]
[White "Wiesinger, Robert"]
[Black "Stagl, Marco"]
[Result "1/2-1/2"]
[WhiteElo "2176"]
[BlackElo "2057"]
[PlyCount "82"]
[EventDate "2015.10.02"]
[EventType "team"]
[EventRounds "11"]
[EventCountry "AUT"]
[WhiteTeam "SV Steyregg"]
[BlackTeam "SV Wolfsberg"]

1. e4 d5 2. exd5 Qxd5 3. Nf3 Bg4 4. Be2 Nc6 5. d4 O-O-O 6. Be3 e5 7. c4 Qe4 8.
d5 Bxf3 9. gxf3 Qh4 10. Nc3 Nd4 11. Qa4 Bc5 12. O-O-O Nxe2+ 13. Nxe2 Bxe3+ 14.
fxe3 Qf2 15. Kd2 Kb8 16. Rdf1 Qh4 17. Nc3 Ne7 18. Kc1 Qh6 19. Re1 Nf5 20. Nd1
Rhe8 21. Qc2 Qh5 22. Rhf1 Rd6 23. Nc3 Rh6 24. Rf2 Nh4 25. Qe2 Rf6 26. Ne4 Rxf3
27. Nd2 Rf5 28. Qxh5 Rxh5 29. Rxf7 Nf5 30. Ne4 b6 31. c5 Rd8 32. c6 a5 33. Rd7
Kc8 34. Rxd8+ Kxd8 35. Rf1 Ke7 36. Nc3 Nd6 37. Rf2 Rh3 38. e4 Rh4 39. Re2 b5
40. a4 b4 41. Nb5 Ne8 1/2-1/2

[Event "2. BUNDESLIGA MITTE"]
[Site "Steyregg, Fuerstenfeld/Sauwald/Villach, St. Veit/Glan, Graz"]
[Date "2015.11.14"]
[Round "4"]
[Board "6"]
[White "Sternat, Roland"]
[Black "Leichtfried, Hans-Martin"]
[Result "1/2-1/2"]
[WhiteElo "2101"]
[BlackElo "2062"]
[PlyCount "38"]
[EventDate "2015.10.02"]
[EventType "team"]
[EventRounds "11"]
[EventCountry "AUT"]
[WhiteTeam "SV Wolfsberg"]
[BlackTeam "SV Steyregg"]

1. d4 d5 2. Nf3 Nf6 3. c4 c6 4. cxd5 cxd5 5. Nc3 Nc6 6. e3 a6 7. Bd3 Bg4 8. Qb3
Na5 9. Qc2 Bxf3 10. gxf3 Rc8 11. Qe2 e6 12. f4 Bd6 13. O-O g6 14. Bd2 O-O 15.
Kh1 Nc4 16. Be1 Na5 17. Bd2 Nc4 18. Be1 Na5 19. Bd2 Nc4 1/2-1/2

[Event "2. BUNDESLIGA MITTE"]
[Site "Steyregg, Fuerstenfeld/Sauwald/Villach, St. Veit/Glan, Graz"]
[Date "2015.11.14"]
[Round "4"]
[Board "1"]
[White "Huber, Martin Christian"]
[Black "Kuba, Guenter"]
[Result "1/2-1/2"]
[WhiteElo "2390"]
[BlackElo "2361"]
[PlyCount "75"]
[EventDate "2015.10.02"]
[EventType "team"]
[EventRounds "11"]
[EventCountry "AUT"]
[WhiteTeam "Schachfreunde Graz"]
[BlackTeam "SPG. Sparkasse Fuerstenfeld/Hartberg"]

1. Nf3 f5 2. g3 Nf6 3. Bg2 g6 4. O-O Bg7 5. d4 O-O 6. c4 d6 7. Nc3 c6 8. b4 Qc7
9. Qb3 Kh8 10. b5 Be6 11. Bb2 Nbd7 12. Rac1 Bg8 13. Rfd1 a6 14. bxc6 bxc6 15.
d5 Rab8 16. Qc2 c5 17. Ba1 Nh5 18. e3 h6 19. Nh4 Bf7 20. g4 fxg4 21. Nxg6+ Bxg6
22. Qxg6 Nhf6 23. Ne4 Qd8 24. Ng3 Qe8 25. Qxe8 Rfxe8 26. Nf5 Kh7 27. h3 h5 28.
hxg4 hxg4 29. Bf1 Kg6 30. Bd3 Kf7 31. Nxg7 Kxg7 32. Bf5 Kh6 33. Kg2 Kg5 34. Be6
Ne5 35. Bxe5 dxe5 36. Rc2 Rh8 37. Re1 e4 38. Rh1 1/2-1/2

[Event "2. BUNDESLIGA MITTE"]
[Site "Steyregg, Fuerstenfeld/Sauwald/Villach, St. Veit/Glan, Graz"]
[Date "2015.11.14"]
[Round "4"]
[Board "2"]
[White "Pilaj, Herwig"]
[Black "Schnider, Gert"]
[Result "1/2-1/2"]
[WhiteElo "2381"]
[BlackElo "2333"]
[PlyCount "58"]
[EventDate "2015.10.02"]
[EventType "team"]
[EventRounds "11"]
[EventCountry "AUT"]
[WhiteTeam "SPG. Sparkasse Fuerstenfeld/Hartberg"]
[BlackTeam "Schachfreunde Graz"]

1. Nf3 Nf6 2. g3 c5 3. Bg2 g6 4. d3 Bg7 5. e4 d6 6. O-O Nc6 7. c3 O-O 8. Re1 e5
9. a3 Re8 10. b4 b6 11. Bb2 Ba6 12. c4 Bb7 13. Qb3 Qd7 14. Nc3 Nd4 15. Nxd4
cxd4 16. Ne2 h5 17. a4 Bh6 18. h4 Qe7 19. a5 Ng4 20. Bc1 Bxc1 21. Rexc1 Kg7 22.
Qb2 Rh8 23. axb6 axb6 24. Rxa8 Rxa8 25. b5 Nf6 26. Bh3 Qd8 27. Ra1 Kf8 28. Ra3
Rxa3 29. Qxa3 Qa8 1/2-1/2

[Event "2. BUNDESLIGA MITTE"]
[Site "Steyregg, Fuerstenfeld/Sauwald/Villach, St. Veit/Glan, Graz"]
[Date "2015.11.14"]
[Round "4"]
[Board "3"]
[White "Jusic, Zdenko"]
[Black "Poetz, Florian"]
[Result "0-1"]
[WhiteElo "2258"]
[BlackElo "2385"]
[PlyCount "106"]
[EventDate "2015.10.02"]
[EventType "team"]
[EventRounds "11"]
[EventCountry "AUT"]
[WhiteTeam "Schachfreunde Graz"]
[BlackTeam "SPG. Sparkasse Fuerstenfeld/Hartberg"]

1. e4 c5 2. Nf3 e6 3. c3 Nf6 4. Bd3 d5 5. e5 Nfd7 6. Bc2 c4 7. O-O Nc6 8. Qe2
g5 9. Ba4 Bg7 10. h3 O-O 11. Bxc6 bxc6 12. b3 Ba6 13. bxc4 dxc4 14. Ba3 c5 15.
Qe3 h6 16. Bxc5 Nxc5 17. Qxc5 Qd7 18. Re1 Rfc8 19. Qd4 Qe7 20. Qg4 Rab8 21. a4
Rb3 22. Nd4 Rb2 23. h4 Rc5 24. f4 gxf4 25. Qxf4 Qc7 26. Na3 Rxe5 27. Rf1 Rc5
28. Qxc7 Rxc7 29. Ndc2 Rd7 30. Rfb1 Rxb1+ 31. Nxb1 Bf6 32. g3 Rd3 33. Nb4 Rd6
34. Na3 Be5 35. Kf2 Rxd2+ 36. Ke3 Bxc3 37. Nb1 Rd3+ 38. Nxd3 Bxa1 39. Nc5 Bc8
40. Nd2 e5 41. Nf3 f5 42. a5 Kf7 43. a6 Ke7 44. Nb7 Kd7 45. h5 Bxb7 46. axb7
Kc7 47. Nh4 f4+ 48. gxf4 exf4+ 49. Kxf4 Kxb7 50. Nf5 Kc6 51. Nxh6 a5 52. Ke3 a4
53. Kd2 a3 0-1